Advanced UNIX: A Programmer's Guide (Record no. 7339)

000 -LEADER
fixed length control field 00362nam a2200145Ia 4500
008 - FIXED-LENGTH DATA ELEMENTS--GENERAL INFORMATION
fixed length control field 190920s9999||||xx |||||||||||||| ||und||
020 ## - INTERNATIONAL STANDARD BOOK NUMBER
International Standard Book Number 8170291070
082 ## - DEWEY DECIMAL CLASSIFICATION NUMBER
Classification number 004
Item number PRA/A
100 ## - MAIN ENTRY--PERSONAL NAME
Personal name Prata, Stephen
245 #0 - TITLE STATEMENT
Title Advanced UNIX: A Programmer's Guide
250 ## - EDITION STATEMENT
Edition statement 1st Edition
260 ## - PUBLICATION, DISTRIBUTION, ETC.
Place of publication, distribution, etc. New Delhi
Name of publisher, distributor, etc. BPB Publications
Date of publication, distribution, etc. 1986
300 ## - PHYSICAL DESCRIPTION
Extent 484p.
942 ## - ADDED ENTRY ELEMENTS (KOHA)
Koha item type Book
952 ## - LOCATION AND ITEM INFORMATION (KOHA)
Lost status
Holdings
Withdrawn status Collection code Permanent Location Current Location Cost, normal purchase price Full call number Accession no. Koha item type
  School of Data Science (Noida) MUIT-NOIDA MUIT-NOIDA 180.00 004 PRA/A DSC00176 Reference Book

All Rights Reserved@MUIT

Powered by Koha